Beyond the idea : simple, powerful rules for successful innovation.
| Main Author: | |
|---|---|
| Format: | Book |
| Published: |
London:
Macmillan,
2013.
|
| Subjects: |
| LEADER | 00456cam a2200145 7i4500 | ||
|---|---|---|---|
| 001 | 0000031428 | ||
| 005 | 20141016090000.0 | ||
| 020 | 0 | 0 | |a 9781447252276 |
| 090 | 0 | 0 | |a B 658.4063 |b GOV |
| 100 | 1 | 0 | |a Govindarajan, Vijay |
| 245 | 1 | 0 | |a Beyond the idea : |b simple, powerful rules for successful innovation. |
| 260 | 0 | 0 | |a London: |b Macmillan, |c 2013. |
| 300 | # | # | |a 178 p. |
| 650 | 0 | 0 | |a Organizational change -- |x Management |
| 999 | |a B000034745 |b Book |c Book |e Business Information Centre | ||


